| 000 | 00942cam a2200277 4500 | ||
|---|---|---|---|
| 001 | M1472 | ||
| 008 | 090401t1994 xxu||||| |||| 00| 0 eng d | ||
| 035 | _a(Sirsi) u32249 | ||
| 041 | _aeng | ||
| 050 | _a368.5 | ||
| 090 | _aRICS 1994/4ABCD | ||
| 110 |
_aRoyal Institution of Chartered Surveyors _94900 |
||
| 245 | _aProfessional indemnity insurance: the notification of valuation claims: information. | ||
| 260 |
_aLondon _bRICS _c1994 |
||
| 300 | _a16p. ; 30cm. | ||
| 350 | _a0 | ||
| 520 | _aThe Notification of Valuation Claims Working Party included professional indemnity insurance underwriters | ||
| 650 | _aNEGLIGENCE CLAIMS | ||
| 650 | _aNOTIFICATION OF VALUATION CLAIMS WORKING PARTY | ||
| 650 | _aPROFESSIONAL INDEMNITY INSURANCE | ||
| 650 | _aVALUATION CLAIMS | ||
| 690 | _aMANAGEMENT-BUSINESS MANAGEMENT-PROFESSIONAL PRACTICE | ||
| 710 |
_aCouncil of Mortgage Lenders _95903 |
||
| 942 | _n0 | ||
| 948 | _c04/03/1997 | ||
| 999 |
_c89698 _d89698 |
||